=LDR 00000nam 2200000 4500 =001 INLIS000000000032118 =005 20130612134137 =008 ***********************************ind** =035 ##$$a0010-061300000032118 =041 ##$$a ind =082 ##$$a 658.407 =090 ##$$a 658.407, Und, m =100 ##$$a Underwood, Jim =245 ##$$a More Than A Pink Cadillac , 9 Kunci Sukses Kepemimpinan Marykayyinc , Jim Underwood;Alih Bahasa, Paul A Rajoe;Editor,Evy Indreswari =260 ##$$a 2003 $b Jakarta =300 ##$$a xvii,247 hlm. , Illus 21 cm =700 ##$$a Rajoe,Paul A , Indreswari, Evy =850 ##$$a NBPNMAT =990 ##$$a 0001/BPAP-NTB/20142014